00322nam a22001457a 450000500170000002000180001704100120003508200160004710000160006324500300007925000070010926000410011630000080015736500110016520260619143131.0 a9789355776532 aEnglish aT10 R25 SEL aSelvarani R aPodhuth Tamil Sudaroviyam a02 aChennaibSarulatha pathippagamc2025 a150 b160.00